| 000 | 00386nam a22001697a 4500 | ||
|---|---|---|---|
| 003 | NUST | ||
| 020 | _a9789350141915 | ||
| 038 | _akhadija | ||
| 082 |
_a671.52 _bGAR |
||
| 100 |
_aGarg, G. D. _987116 |
||
| 245 |
_aA Textbook of Welding Technology / _cG.D. Garg |
||
| 260 |
_aNew Dehli _bS.K.K _c2011. |
||
| 300 | _a364 p. ; | ||
| 500 | _aPaperback. | ||
| 563 | _aPB | ||
| 942 |
_cBK _2ddc |
||
| 999 |
_c33208 _d33208 |
||